000
00324nam a2200133Ia 4500
005
20260326235454.0
008
260326s9999||||xx |||||||||||||| ||und||
100
_a
Rogotti, Giorgio
245
0
_a
Urbanismo :
_b
La técnica /
_c
Giorgio Rogotti
260
_b
Labor
300
_a
796 p.
650
_a
DISEÑO URBANO
942
_c
BK
999
_c
7887
_d
7887